Hungary OECD economic surveys 2001-2002

Saved in:
Bibliographic Details
Format: Book
Language:English
Published: Paris OECD 2002
Series:Economics
Subjects:
Tags: Add Tag
No Tags, Be the first to tag this record!

MARC

LEADER 00000nam a2200000 4500
001 c136816
005 20221124092134.5
020 |a 92-64-19152-6 
022 |a 0376-6438 
041 0 |a eng 
044 |a FR 
245 1 0 |a Hungary  |b OECD economic surveys 2001-2002 
264 1 |a Paris  |b OECD  |c 2002 
300 |a 170 s. 
490 1 |a Economics 
830 0 |a Economics 
610 2 0 |a situácia hospodárska 
610 2 0 |a prognózy hospodárske 
610 2 0 |a politika peňažná 
610 2 0 |a rozpočty 
610 2 0 |a populácia 
610 2 0 |a demografia 
610 2 0 |a reštrukturalizácia 
610 2 0 |a podnikanie 
610 2 0 |a financie 
610 2 0 |a svet 
610 2 0 |a OECD 
610 2 0 |a údaje štatistické 
610 2 0 |a Maďarsko